000 01601nam a2200337 a 4500
001 BRCA_2962
005 20190320204039.0
008 181208s1893----gw-a---###---#000-0#ger-u
041 _ager
044 _agw
084 _a300
_b.K539
_c1893
100 1 _aCervantes Saavedra, Miguel de
_d1547-1616
_9213
245 1 0 _aLeben und Thaten des scharfsinnigen Edlen Don Quijote von der Mancha
_caus dem Spanischen des Miguel de Cervantes Saavedra.
260 _aLeipzig
_bTh. Knaur
_c1893
300 _a384 p.
_bil.
_c36 cm.
500 _aContenido : Primera parte. Prefacio de la cuarta edición por Wolzogen. Texto. Segunda parte. Texto
500 _aEdición : Neu Bearbeitet von Ernst von Wolzogen. Illustrationen von Gustavo Doré
500 _aTraducción de Ernst von Wolzogen, con los dibujos de G. Doré. Copia de la edición de Berlín de 1884. Edición de lujo, espléndidamente impresa. Semitela; lomeras y cubiertas decoradas con adornos dorados y motivos quijotiles en varios colores Lúdovik Osterc
500 _aInclue índice : De ilustraciones
500 _aQM535B
546 _aTexto en : alemán
650 1 4 _aNovela española
_yÉpoca clásica, 1500-1700
_9215
650 1 4 _aLiteratura española
_yÉpoca clásica, 1500-1700
_9216
650 1 4 _aNovela española
_ySiglo XVII
_9217
650 1 4 _aDon Quijote (Personaje ficticio)
_eNovela
_9218
700 1 _aWolzogen, Ernst Freiherr von
_d1855-1934
_eTraductor
_98220
700 1 _aDoré, Paul Gustave
_d1832-1883
_eIlustrador
_98221
740 0 _aEl Ingenioso Hidalgo Don Quijote de la Mancha
902 _aQFM
942 _2lcc
_cB
999 _c2701
_d2701